[Event "SUI-chB"]
[Site "Flims"]
[Date "2012.07.17"]
[Round "6"]
[White "Cherniaev, Alexander"]
[Black "Misiano, Franco"]
[Result "1/2-1/2"]
[WhiteElo "2484"]
[BlackElo "2271"]
[PlyCount "79"]
[EventDate "2012.07.12"]
[EventType "swiss"]
[EventRounds "9"]
[EventCountry "SUI"]
[SourceTitle "CBM 149 Extra"]
[Source "ChessBase"]
[SourceDate "2012.08.24"]
[SourceVersion "1"]
[SourceVersionDate "2012.08.24"]
[SourceQuality "1"]

1. Nf3 d5 2. d4 Nf6 3. c4 c6 4. Nbd2 e6 5. g3 Be7 6. Bg2 0-0 7. 0-0 b6 8. Qc2 Bb7 9. b3 Nbd7 10. Bb2 Rc8 11. e4 c5 12. e5 Ne8 13. Rfd1 Nc7 14. h4 h6 15. Rac1 b5 16. b4 bxc4 17. bxc5 Na6 18. Bc3 Bc6 19. Nf1 Naxc5 20. dxc5 Nxc5 21. Rd4 Ne4 22. Rxe4 dxe4 23. Nd4 Bd5 24. Ne3 Bc5 25. Bxe4 Bxe4 26. Qxe4 Rc7 27. Ba5 Bb6 28. Bxb6 axb6 29. Rxc4 Rxc4 30. Nxc4 Qa8 31. Nc6 Qxa2 32. Nd6 f5 33. Qe3 Qb1+ 34. Kh2 Ra8 35. Qf3 Ra2 36. Ne7+ Kf8 37. Ng6+ Kg8 38. Ne7+ Kf8 39. Ng6+ Kg8 40. Ne7+ 1/2-1/2

[Event "SUI-chB"]
[Site "Flims"]
[Date "2012.07.16"]
[Round "5"]
[White "Lipecki, Alexander"]
[Black "Misiano, Franco"]
[Result "0-1"]
[WhiteElo "2162"]
[BlackElo "2271"]
[PlyCount "66"]
[EventDate "2012.07.12"]
[EventType "swiss"]
[EventRounds "9"]
[EventCountry "SUI"]
[SourceTitle "CBM 149 Extra"]
[Source "ChessBase"]
[SourceDate "2012.08.24"]
[SourceVersion "1"]
[SourceVersionDate "2012.08.24"]
[SourceQuality "1"]

1. e4 e6 2. d4 d5 3. Nd2 Nf6 4. e5 Nfd7 5. f4 c5 6. c3 Nc6 7. Ndf3 Qb6 8. a3 cxd4 9. cxd4 a5 10. b3 Be7 11. h4 f6 12. Bd3 f5 13. Ne2 0-0 14. Be3 Qd8 15. g4 Nb6 16. Ng3 a4 17. Qb1 axb3 18. gxf5 Nc4 19. f6 Bxf6 20. exf6 Qxf6 21. Bxc4 dxc4 22. Rg1 g6 23. h5 Ne7 24. Kf2 Nd5 25. hxg6 Nxf4 26. gxh7+ Kh8 27. Bxf4 Qxf4 28. Qe4 b2 29. Qxf4 Rxf4 30. Ra2 Bd7 31. Ne2 Rf5 32. Rg8+ Kxh7 33. Rxa8 b1Q 0-1